Statistieken voor Meest gesproken talen in Nederland

Klik hier om de quiz te nemen!

Algemene statistieken

  • Deze quiz is 21 keer genomen
  • De gemiddelde score is 2 van 9

Antwoordstatistieken

SprekersAntwoord% Correct
450.000Fries
63%
400.000Turks
53%
220.000Arabisch
42%
2 miljoenLimburgs
32%
4,8 miljoenNedersaksisch
21%
20.000Kaapverdisch
0%
70.000Kantonees
0%
40.000Koerdisch
0%
90.000Tamazight
0%

Scoreverdeling

Percentiel versus Aantal Correcte Antwoorden

Procent van Mensen met Elke Score

Uw Scoregeschiedenis

U heeft deze quiz nog niet genomen